| 000 | 00888cab a2200265 4500 | ||
|---|---|---|---|
| 001 | WB3409-03 | ||
| 008 | 090401t1998 xxu||||| |||| 00| 0 eng d | ||
| 035 | _a(Sirsi) u84665 | ||
| 041 | _aeng | ||
| 245 | _aIPD adjusts index | ||
| 260 | _c1998 | ||
| 350 | _a0 | ||
| 490 |
_aEstates Gazette _v(9809) 28 February 1998, 43(1) |
||
| 520 | _aIPD`s managing director has claimed that the all-property index is not to be used as the benchmark for property performance, after warning that the addition of major property companies will skew previous years` indices. | ||
| 650 | _aBENCHMARKING | ||
| 650 | _aBPF | ||
| 650 | _aINVESTMENT YIELDS | ||
| 650 | _aIPD MONTHLY INDEX | ||
| 650 | _aPROPERTY PERFORMANCE | ||
| 650 | _aPROPERTY RETURNS | ||
| 650 | _aRENTAL LEVELS | ||
| 690 | _aPROPERTY-COMMERCIAL PROPERTY-COMMERCIAL PROPERTY MARKET | ||
| 942 | _n0 | ||
| 948 | _c04/03/1998 | ||
| 999 |
_c53232 _d53232 |
||